Statistiken für Länder, die mit I beginnen - Umriss-Quiz

Klicken Sie hier um das Quiz zu spielen!

Allgemein

  • Dieses Quiz wurde 5.777 mal gespielt
  • Das Durchschnittsergebnis liegt bei 7 aus 8

Antwortstatistiken

Antwort% Korrekt
Italien
99%
Indonesien
98%
Island
97%
Indien
95%
Irland
90%
Irak
84%
Iran
84%
Israel
81%

Verteilung der Resultate

Perzentil nach korrekt beantworteten Fragen

Anzahl Personen mit jedem Resultat

Ihre Resultats-Entwicklung

Sie haben dieses Quiz noch nicht gespielt